La vocazione e la missione della famiglia nella Chiesa e nel mondo contemporaneo. (Record n. 359641)

Dettagli MARC
000 -LEADER
campo di controllo lung. fissa 00654nam a22002057a 4500
003 - Identificatore del numero di controllo
campo di controllo IT-MiCISF
005 - Data e orario dell'ultima transazione
campo di controllo 20230322125612.0
008 - Elementi di lunghezza fissa--Informazione generale
campo di controllo lung. fissa 230322b |||||||| |||| 00| 0 eng d
040 ## - Fonte della catalogazione
Agenzia che fa la trascrizione IT-MiCISF
041 ## - Codice di lingua
Codice di lingua del testo/traccia sonora o titolo separato it
100 ## - Accesso principale -- nome di persona
Nome di persona Sinodo dei vescovi
9 (RLIN) 59754
245 ## - Formulazione del titolo
Titolo La vocazione e la missione della famiglia nella Chiesa e nel mondo contemporaneo.
Complemento del titolo Instrumentum Laboris
260 ## - Pubblicazione, distribuzione, ecc. (stampa)
Luogo di pubblicazione, distribuzione, ecc. Bologna,
Nome dell'editore, distributore, ecc. Dehoniane,
Data di pubblicazione, distribuzione, ecc. 2015
300 ## - Descrizione fisica
Estensione pp. 118
500 ## - Nota generale
Nota generale pastorale-familiare, magistero, vocazione, famiglia, chiesa
501 ## - Nota
Nota XIV Assemblea generale ordinaria
650 ## - Accesso aggiunto di soggetto--termine topico
Termine topico o nome geografico come accesso Pastorale-familiare
9 (RLIN) 56039
654 ## - Accesso aggiunto di soggetto--termini topici faccettati
Termine principale documento
942 ## - Dati aggiuntivi (Koha)
Fonte della classificazione o dello schema di collocazione (segnatura) Dewey Decimal Classification
Tipo copia default (Koha) DOCUMENTI
Dati di copia
Ritirato (status) Perso (status) Fonte della classificazione o dello schema di collocazione (segnatura) Danneggiato (status) Non per il presito Biblioteca proprietaria Biblioteca in cui si trova Data d'acquisizione Totale prestiti Collocazione Data ultima operazione Prezzo in vigore dal Tipo copia default (Koha)
    Dewey Decimal Classification Buone Condizioni Not For Loan CISF - Milano CISF - Milano 22/03/2023   DP2/2 22/03/2023 22/03/2023 DOCUMENTI
CREDITS: SOCIETA' SAN PAOLO Via A.Severo, 58 - ROMA (RM) & PERIODICI SAN PAOLO SRL Via Giotto, 36 MILANO & CISF Via Giotto, 36 MILANO & EDIZIONI SAN PAOLO SRL,  Piazza Soncino, 5 CINISELLO BALSAMO (MI) -- ITALY